Carregant...

The Design and Analysis of Experiments

Dades bibliogràfiques
Autor principal: Kempthorne,Oscar
Format: Printed Book
Idioma:English
Publicat: New York: John Weily and Sons,Inc, 1951.
Edició:1951.
Matèries:
LEADER 00728nam a22001694a 4500
008 150110n ii |||gr||||Z||||||eng
082 |a 519.53 KEM 
100 |a Kempthorne,Oscar. 
245 1 |a The Design and Analysis of Experiments  |h Textual Documents 
250 |a 1951. 
260 |a New York:  |b John Weily and Sons,Inc,  |c 1951. 
300 |a xix;631p.:  |e 01084. 
630 |a Design and Analysis of Experiments-Statistics, Elementary Statistical Notions,Experiments Involving Several Factors. 
852 |t 1  |p STA01084  |b Text Books  |k 519.53 KEM  |f 00000  |c Shelf-13 
942 |c BK 
999 |c 219922  |d 219922 
952 |0 0  |1 0  |4 0  |6 519_530000000000000_KEM  |7 0  |9 234065  |a STA  |b STA  |c Shelf-13  |d 2019-12-11  |l 0  |o 519.53 KEM  |p STA01084  |r 2019-12-11  |t 1  |w 2019-12-11  |y BK